Normal view
MARC view
- Mussallam, Sheikh Manssour Bin.
Entry Personal Name
001 - CONTROL NUMBER
- control field: 61385
003 - CONTROL NUMBER IDENTIFIER
- control field: OSt
005 - DATE AND TIME OF LATEST TRANSACTION
- control field: 20240923100422.0
008 - FIXED-LENGTH DATA ELEMENTS
- fixed length control field: 240923|| aca||aabn | a|a d
040 ## - CATALOGING SOURCE
- Original cataloging agency: OSt
- Transcribing agency: OSt
100 ## - HEADING--PERSONAL NAME
- Personal name: Mussallam, Sheikh Manssour Bin.
- Relator term: author.
670 ## - SOURCE DATA FOUND
- Source citation: Work cat.: (OSt): Mussallam, Sheikh Manssour Bin. author., Thriving in the margins :, June 2018.
